Quiz sur la Dynastie Qing - Statistiques

Statistiques générales
  • Ce quiz a été pris 96 fois
  • Le résultat moyen est 7 sur 14
Statistiques - réponses
Hint Réponse % Correct
Produit exporté en contrebande qui est à l'origine d'une guerre au XIXème siècle Opium
93%
Ville cédée suite à ce traité Hong Kong
83%
Cette guerre opposait les Qing à ce pays Royaume-Uni
83%
Pays auquel ce dernier appartenait Portugal
72%
Comptoir commercial qui permettait aux navires européens de pratiquer le commerce Macao
71%
Le traité de Nertchinsk mit fin à la guerre avec ce pays Russie
71%
Quelle dynastie les Qing ont-ils renversée ? Ming
70%
Dernier empereur de Chine Xuantong
40%
Traité de paix qui signe la fin de la première des de ces deux guerres Traité de {Nankin}
33%
Année de la prise de Pékin et du début du règne de la dynastie 1644
20%
Peuple dont les Qing faisaient partis Mandchoue
15%
Empereur au plus long règne de l'histoire de la Chine Kangxi
7%
Nom de la révolution qui a aboutit au renversement des Qing Révolution {Xinhai}
6%
Qui est considéré comme le fondateur de la dynastie ? Nurhaci
4%
Aucun quiz correspondant
Distribution des résultats
% des personnes avec chaque résultat
Percentile par nombre de réponses
Votre historique - résultats
Vous n’avez pas pris ce quiz